书目信息 |
| 题名: |
防腐油漆工
|
|
| 作者: | 刘新 编著 | |
| 分册: | ||
| 出版信息: | 北京 化学工业出版社 2010.02 |
|
| 页数: | 234页 | |
| 开本: | 21cm | |
| 丛书名: | 漆工经验介绍 | |
| 单 册: | ||
| 中图分类: | TQ639 | |
| 科图分类: | ||
| 主题词: | 防腐--涂漆 , 防腐 , 涂漆 | |
| 电子资源: | ||
| ISBN: | 978-7-122-07277-1 | |
| 000 | 00857oam2 2200277 450 | |
| 001 | 010010037785 | |
| 005 | 20140609085244.64 | |
| 010 | @a978-7-122-07277-1@dCNY20.00 | |
| 100 | @a20100313d2010 em y0chiy0110 ea | |
| 101 | 0 | @achi |
| 102 | @aCN@b110000 | |
| 105 | @aak z 000yy | |
| 106 | @ar | |
| 200 | 1 | @a防腐油漆工@9fang fu you qi gong@f刘新编著 |
| 210 | @a北京@c化学工业出版社@d2010.02 | |
| 215 | @a234页@c图@d21cm | |
| 225 | 2 | @a漆工经验介绍 |
| 330 | @a本书以钢结构的防腐涂装为主,包括了防腐涂料的基本知识、常用涂料的产品特性和使用、防腐施工的表面处理、涂料施工前的准备工作和施工方法、环境条件和质量控制等内容。 | |
| 461 | 0 | @12001 @a漆工经验介绍 |
| 606 | 0 | @a防腐@x涂漆 |
| 606 | 0 | @a防腐 |
| 606 | 0 | @a涂漆 |
| 690 | @aTQ639@v4 | |
| 701 | 0 | @a刘新@9liu xin@4编著 |
| 801 | 0 | @aCN@bRENTIAN@c20100313 |
| 905 | @b548381-84@dTQ639@e41@f4 | |
| 防腐油漆工/刘新编著.-北京:化学工业出版社,2010.02 |
| 234页:图;21cm.-(漆工经验介绍) |
| ISBN 978-7-122-07277-1:CNY20.00 |
| 本书以钢结构的防腐涂装为主,包括了防腐涂料的基本知识、常用涂料的产品特性和使用、防腐施工的表面处理、涂料施工前的准备工作和施工方法、环境条件和质量控制等内容。 |
| ● |
| 相关链接 |
|
|
|
|
正题名:防腐油漆工
索取号:TQ639/41
 
预约/预借
| 序号 | 登录号 | 条形码 | 馆藏地/架位号 | 状态 | 备注 |
| 1 | 548381 | 205483813 | 第二样本阅览室/ [索取号:TQ639/41] | 在馆 | |
| 2 | 548382 | 205483822 | 密集书库-化学系/ [索取号:TQ639/41] | 在馆 | |
| 3 | 548383 | 205483831 | 第三借阅区/ [索取号:TQ639/41] | 在馆 | |
| 4 | 548384 | 205483840 | 第三借阅区/ [索取号:TQ639/41] | 在馆 |